[Event "Guernsey op 46th"]
[Site "St James"]
[Date "2022.10.22"]
[Round "7"]
[White "Curtis, John E"]
[Black "Liu, Tianyi"]
[Result "1/2-1/2"]
[WhiteElo "2046"]
[BlackElo "1780"]
[PlyCount "86"]
[EventDate "2022.10.16"]
[EventType "swiss"]
[EventRounds "7"]
[EventCountry "GCI"]
[SourceTitle "EXT 2024"]
[Source "ChessBase"]
[SourceDate "2023.10.10"]
[SourceVersion "1"]
[SourceVersionDate "2023.10.10"]
[SourceQuality "1"]

1. d4 Nf6 2. Nf3 g6 3. Bg5 Bg7 4. Nbd2 d5 5. e3 0-0 6. Bd3 b6 7. e4 dxe4 8. Nxe4 Bb7 9. Nxf6+ exf6 10. Be3 Nd7 11. 0-0 f5 12. c3 Nf6 13. Bg5 Qd6 14. Bxf6 Bxf6 15. Be2 Rad8 16. Qc2 c5 17. dxc5 Qxc5 18. Rad1 Rfe8 19. Rxd8 Rxd8 20. Rd1 Rxd1+ 21. Qxd1 Qc7 22. Qd2 Qe7 23. Kf1 Kg7 24. Qf4 h6 25. Bd3 Qd7 26. Be2 g5 27. Qd2 Qe6 28. Nd4 Qe4 29. Bf3 Ba6+ 30. Kg1 Qb1+ 31. Qd1 Qxd1+ 32. Bxd1 Bxd4 33. cxd4 Bc4 34. b3 Bb5 35. f4 gxf4 36. Kf2 Kf6 37. Kf3 Bc6+ 38. Kxf4 Bxg2 39. Bc2 Bd5 40. Bxf5 a5 41. Bd3 Bc6 42. a4 Bd7 43. Bc4 Bf5 1/2-1/2

[Event "Guernsey op 46th"]
[Site "St James"]
[Date "2022.10.17"]
[Round "2"]
[White "Kirk, Matthew"]
[Black "Curtis, John E"]
[Result "1/2-1/2"]
[WhiteElo "1738"]
[BlackElo "2046"]
[PlyCount "39"]
[EventDate "2022.10.16"]
[EventType "swiss"]
[EventRounds "7"]
[EventCountry "GCI"]
[SourceTitle "EXT 2024"]
[Source "ChessBase"]
[SourceDate "2023.10.10"]
[SourceVersion "1"]
[SourceVersionDate "2023.10.10"]
[SourceQuality "1"]

1. d4 d6 2. c4 e5 3. e3 Nd7 4. Nc3 c6 5. Nf3 Ngf6 6. Bd3 Be7 7. 0-0 0-0 8. Qc2 Re8 9. Rd1 Bf8 10. b3 h6 11. Bb2 Qe7 12. dxe5 dxe5 13. Bf5 Nc5 14. Bxc8 Raxc8 15. b4 Ncd7 16. c5 b6 17. cxb6 axb6 18. a3 Qe6 19. e4 Red8 20. Rd2 1/2-1/2

[Event "Guernsey op 45th"]
[Site "Vale"]
[Date "2019.10.24"]
[Round "5"]
[White "Kwossek, Georg"]
[Black "Curtis, John E"]
[Result "1/2-1/2"]
[WhiteElo "1984"]
[BlackElo "2059"]
[PlyCount "53"]
[EventDate "2019.10.20"]
[EventType "swiss"]
[EventRounds "7"]
[EventCountry "GCI"]
[SourceTitle "CBM 192 Extra"]
[Source "Chessbase"]
[SourceDate "2019.11.06"]
[SourceVersion "1"]
[SourceVersionDate "2019.11.06"]
[SourceQuality "1"]

1. Nf3 d6 2. d4 Bg4 3. c4 Nd7 4. Nc3 Bxf3 5. gxf3 g6 6. Bg2 Bg7 7. f4 c6 8. e3 e6 9. e4 Ne7 10. Be3 Qa5 11. a3 c5 12. 0-0 0-0 13. Nb5 cxd4 14. Bxd4 d5 15. b4 Qd8 16. Bxg7 Kxg7 17. cxd5 exd5 18. Qd4+ Nf6 19. e5 Nh5 20. Nd6 Kg8 21. b5 Qd7 22. h3 Rad8 23. Rad1 Nf5 24. Qxd5 Nxf4 25. Qxb7 Qe6 26. Qf3 g5 27. Nxf5 1/2-1/2

[Event "Guernsey op 45th"]
[Site "Vale"]
[Date "2019.10.21"]
[Round "2"]
[White "Curtis, John E"]
[Black "Van Dijk, Bram"]
[Result "0-1"]
[WhiteElo "2059"]
[BlackElo "1982"]
[PlyCount "83"]
[EventDate "2019.10.20"]
[EventType "swiss"]
[EventRounds "7"]
[EventCountry "GCI"]
[SourceTitle "CBM 192 Extra"]
[Source "Chessbase"]
[SourceDate "2019.11.06"]
[SourceVersion "1"]
[SourceVersionDate "2019.11.06"]
[SourceQuality "1"]

1. d4 d5 2. Nf3 c6 3. c4 Nf6 4. e3 e6 5. Nbd2 Nbd7 6. Bd3 Bd6 7. 0-0 0-0 8. e4 dxe4 9. Nxe4 Nxe4 10. Bxe4 f5 11. Bc2 c5 12. Qe2 Qf6 13. Bg5 Qg6 14. dxc5 Bc7 15. Be7 Re8 16. Bd6 Bxd6 17. cxd6 Qf6 18. Ba4 e5 19. c5 e4 20. b4 Rf8 21. Nd2 Qg6 22. f3 exf3 23. Nxf3 Kh8 24. Rfe1 Qg4 25. Qd2 Nxc5 26. bxc5 Qxa4 27. Re7 Bd7 28. Qb2 Rg8 29. Ne5 Be8 30. Rxb7 h6 31. d7 Qe4 32. dxe8Q Raxe8 33. Nf3 Qd5 34. Rc1 Rc8 35. Qb3 Qe4 36. Rxa7 Qf4 37. Qc3 Rce8 38. Re1 Re4 39. c6 Rc4 40. Qe5 Qg4 41. h3 Qg6 42. Qe6 0-1

[Event "Guernsey op 44th"]
[Site "Vale"]
[Date "2018.10.24"]
[Round "4"]
[White "Grieve, Harry"]
[Black "Curtis, John E"]
[Result "1/2-1/2"]
[WhiteElo "2292"]
[BlackElo "2042"]
[PlyCount "132"]
[EventDate "2018.10.21"]
[EventType "swiss"]
[EventRounds "7"]
[EventCountry "GCI"]
[SourceTitle "CBM 187 Extra"]
[Source "ChessBase"]
[SourceDate "2018.11.04"]
[SourceVersion "1"]
[SourceVersionDate "2018.11.04"]
[SourceQuality "1"]

1. d4 d6 2. Nf3 Bg4 3. b3 Bxf3 4. gxf3 g6 5. f4 Bg7 6. Bg2 c6 7. Bb2 Nd7 8. Nd2 Nh6 9. Nf3 Nf6 10. 0-0 Nf5 11. c4 d5 12. e3 0-0 13. Qd3 e6 14. Rfc1 Re8 15. Rc2 Nh5 16. cxd5 exd5 17. Rac1 Bf8 18. a3 Bd6 19. b4 a6 20. Qb3 Qe7 21. Rb1 Nh4 22. Bc1 Nxg2 23. Kxg2 Qe4 24. h3 Ng7 25. Rcb2 Nf5 26. Qd1 g5 27. Rb3 Kh8 28. Kf1 gxf4 29. exf4 Bxf4 30. Bxf4 Qxf4 31. Qc1 Qxc1+ 32. Rxc1 Re4 33. Rd1 Kg7 34. a4 f6 35. Rd2 Kf7 36. b5 axb5 37. axb5 Ra4 38. bxc6 bxc6 39. Rc2 Nxd4 40. Nxd4 Raxd4 41. Rxc6 Rf4 42. Kg2 Kg6 43. Rd6 Kf5 44. Rbb6 Kg5 45. Rb5 Rf5 46. Rb3 Rdf4 47. Rb2 Kh4 48. Rd2 Rg5+ 49. Kh2 Rf3 50. Rd4+ Kh5 51. Rd2 Kg6 52. R6xd5 Rxd5 53. Rxd5 Rxf2+ 54. Kg3 Rf5 55. Rd8 Ra5 56. Rg8+ Kf5 57. Rh8 Ra7 58. Rf8 Rg7+ 59. Kf3 Kg5 60. h4+ Kf5 61. Ra8 Re7 62. Ra5+ Re5 63. Ra7 h6 64. Ra3 Rb5 65. Kg3 Kg6 66. Rf3 Ra5 1/2-1/2

[Event "Guernsey op 42nd"]
[Site "Vale"]
[Date "2016.10.20"]
[Round "5"]
[White "Curtis, John E"]
[Black "Tunge, Christian"]
[Result "1-0"]
[WhiteElo "2088"]
[BlackElo "2018"]
[PlyCount "109"]
[EventDate "2016.10.16"]
[EventType "swiss"]
[EventRounds "7"]
[EventCountry "GCI"]
[SourceTitle "CBM 175 Extra"]
[Source "ChessBase"]
[SourceDate "2016.12.12"]
[SourceVersion "1"]
[SourceVersionDate "2016.12.12"]
[SourceQuality "1"]

1. d4 Nf6 2. Nf3 d5 3. e3 c5 4. c4 cxd4 5. exd4 Nc6 6. Nc3 Bg4 7. cxd5 Nxd5 8. Bc4 e6 9. 0-0 Be7 10. Nxd5 exd5 11. Bb5 0-0 12. Bxc6 bxc6 13. Qd3 Bxf3 14. Qxf3 Qb6 15. Qc3 c5 16. dxc5 Bxc5 17. Qf3 Rad8 18. Rd1 Rd6 19. Bg5 Rg6 20. Rxd5 Qxb2 21. Rad1 Bb6 22. a4 Qb4 23. a5 Bc7 24. Qf5 Re6 25. Be3 Rfe8 26. g3 a6 27. Rd7 Rf6 28. Qd5 Qxa5 29. Qb7 Be5 30. Re7 Re6 31. Rxf7 Qb5 32. Qxb5 axb5 33. Rb7 R6e7 34. Rxb5 Bf6 35. Kg2 Ra8 36. Rbd5 Kf7 37. Rd7 Rxd7 38. Rxd7+ Ke6 39. Rb7 Kf5 40. Rb5+ Ke4 41. Rb4+ Kf5 42. Kf3 Ra3 43. g4+ Ke6 44. Ke4 Ra2 45. g5 Bc3 46. Rb6+ Kf7 47. Rc6 Be1 48. Rc7+ Kf8 49. Bc5+ Kg8 50. Bd4 g6 51. f4 Re2+ 52. Kd5 h5 53. gxh6 Rxh2 54. Rg7+ Kf8 55. h7 1-0

[Event "Guernsey op 41st"]
[Site "Vale"]
[Date "2015.10.21"]
[Round "4"]
[White "Havenaar, Jan"]
[Black "Curtis, John E"]
[Result "1-0"]
[WhiteElo "2016"]
[BlackElo "2101"]
[PlyCount "121"]
[EventDate "2015.10.18"]
[EventType "swiss"]
[EventRounds "7"]
[EventCountry "GCI"]
[SourceTitle "CBM 168 Extra"]
[Source "ChessBase"]
[SourceDate "2015.10.29"]
[SourceVersion "1"]
[SourceVersionDate "2015.10.29"]
[SourceQuality "1"]

1. Nc3 d6 2. f4 e5 3. Nf3 exf4 4. d4 g5 5. h4 g4 6. Ng5 h6 7. Nge4 d5 8. Nf2 Nf6 9. Bxf4 Bd6 10. Qd2 Nh5 11. Bxd6 Qxd6 12. e4 Ng3 13. Rg1 Nxf1 14. Rxf1 c6 15. 0-0-0 Be6 16. Rde1 Nd7 17. exd5 cxd5 18. Nd3 0-0-0 19. Nf4 Rde8 20. Nb5 Qb6 21. Qb4 Kb8 22. Qd6+ Qxd6 23. Nxd6 Ref8 24. Nb5 Re8 25. Nc3 Nb6 26. Re5 Nc4 27. Re2 Nb6 28. Rfe1 Rhf8 29. g3 Rc8 30. Re5 Rc4 31. Nce2 Rc6 32. Nxe6 Rxe6 33. Rxe6 fxe6 34. Nf4 Rf6 35. Rxe6 Rxe6 36. Nxe6 Kc8 37. Nf4 Kd7 38. b3 Kd6 39. Kd2 Nd7 40. c4 Nf6 41. Ke3 Ne4 42. Ne2 Ke6 43. cxd5+ Kf5 44. a4 b6 45. Kd3 a6 46. b4 Nf2+ 47. Kd2 Ne4+ 48. Ke3 b5 49. axb5 axb5 50. Kd3 Nf2+ 51. Kd2 Ne4+ 52. Ke3 Nd6 53. Nc3 h5 54. Kd3 Kg6 55. Nxb5 Nxb5 56. Kc4 Nd6+ 57. Kc5 Ne4+ 58. Kc6 Nxg3 59. d6 Nf5 60. d7 Nxd4+ 61. Kd5 1-0

[Event "BCF-chT2c 1314 (4NCL)"]
[Site "England"]
[Date "2014.05.03"]
[Round "9.44"]
[White "Curtis, John E"]
[Black "Lyell, Mark"]
[Result "1-0"]
[WhiteElo "2102"]
[BlackElo "2228"]
[PlyCount "82"]
[EventDate "2013.11.16"]
[EventType "team-tourn"]
[EventRounds "11"]
[EventCountry "ENG"]
[SourceTitle "EXT 2015"]
[Source "ChessBase"]
[SourceDate "2014.11.20"]
[SourceVersion "1"]
[SourceVersionDate "2014.11.20"]
[SourceQuality "1"]
[WhiteTeam "Bristol"]
[BlackTeam "Hackney"]
[WhiteTeamCountry "ENG"]
[BlackTeamCountry "ENG"]

1. d4 d5 2. Nf3 Nf6 3. e3 c5 4. c4 cxd4 5. exd4 g6 6. Nc3 Bg7 7. cxd5 0-0 8. Bc4 Nbd7 9. d6 exd6 10. 0-0 Nb6 11. Bb3 Bf5 12. Re1 Rc8 13. Bf4 Nc4 14. Bxc4 Rxc4 15. Qb3 Rc6 16. Qxb7 Rb6 17. Qxa7 Rxb2 18. Rac1 Ng4 19. Nd1 Rb5 20. Qe7 Qa8 21. Bxd6 Rb7 22. Qe2 Rd8 23. Bc5 Bh6 24. Rc3 Rb1 25. Ra3 Qb8 26. Ra7 Bf4 27. h3 Nh6 28. Re7 Be6 29. Nc3 Rxe1+ 30. Qxe1 Nf5 31. Rxe6 fxe6 32. Qxe6+ Kg7 33. g4 Qb7 34. gxf5 Qxf3 35. Qe7+ Kh6 36. Qh4+ Kg7 37. Qxd8 Bh2+ 38. Kf1 Qxf5 39. Qe7+ Kg8 40. Ne4 Qxh3+ 41. Ke1 Bd6 1-0

[Event "BCF-chT2b 1213 (4NCL)"]
[Site "England"]
[Date "2013.01.13"]
[Round "4.66"]
[White "Haria, Ravi"]
[Black "Curtis, John E"]
[Result "1-0"]
[WhiteElo "2032"]
[BlackElo "2111"]
[PlyCount "61"]
[EventDate "2012.11.03"]
[EventType "team-tourn"]
[EventRounds "7"]
[EventCountry "ENG"]
[SourceTitle "EXT 2014"]
[Source "ChessBase"]
[SourceDate "2013.11.20"]
[SourceVersion "1"]
[SourceVersionDate "2013.11.20"]
[SourceQuality "1"]
[WhiteTeam "Kings Head"]
[BlackTeam "Bristol"]
[WhiteTeamCountry "ENG"]
[BlackTeamCountry "ENG"]

1. e4 d6 2. d4 Nf6 3. Nc3 e5 4. Nf3 Nbd7 5. g4 Nxg4 6. Rg1 Ngf6 7. Bc4 h6 8. Be3 c6 9. dxe5 dxe5 10. Qd3 Qa5 11. Bxf7+ Kxf7 12. Qc4+ Nd5 13. exd5 Qb4 14. Qd3 e4 15. Qxe4 Qxe4 16. Nxe4 cxd5 17. Nc3 Bb4 18. 0-0-0 Bxc3 19. bxc3 Re8 20. Rxd5 Nf6 21. Rc5 Re7 22. Ne5+ Ke8 23. Ng6 Re4 24. Rc7 Nd7 25. Nf4 Re7 26. Nd5 Rf7 27. Rc4 Kf8 28. Nc7 Ne5 29. Rf4 Rb8 30. Rxf7+ Kxf7 31. Bxa7 1-0

[Event "BCF-chTd 1112 (4NCL)"]
[Site "England"]
[Date "2012.05.06"]
[Round "10.187"]
[White "Wall, Gavin"]
[Black "Curtis, John E"]
[Result "1-0"]
[WhiteElo "2330"]
[BlackElo "2116"]
[PlyCount "79"]
[EventDate "2011.11.12"]
[EventType "team-swiss"]
[EventRounds "11"]
[EventCountry "ENG"]
[SourceTitle "EXT 2013"]
[Source "ChessBase"]
[SourceDate "2012.11.22"]
[SourceVersion "1"]
[SourceVersionDate "2012.11.22"]
[SourceQuality "1"]
[WhiteTeam "Guildford II"]
[BlackTeam "Bristol"]
[WhiteTeamCountry "ENG"]
[BlackTeamCountry "ENG"]

1. e4 d6 2. d4 Nf6 3. Nc3 e5 4. Nge2 Be7 5. g3 c6 6. Bg2 0-0 7. 0-0 b5 8. b3 Nbd7 9. h3 Bb7 10. Bb2 b4 11. Na4 c5 12. d5 Ne8 13. a3 a5 14. c3 bxc3 15. Nexc3 Ba6 16. Re1 Rb8 17. Bf1 Bxf1 18. Rxf1 Qc8 19. Bc1 Nc7 20. Rb1 Qa6 21. Be3 Rb7 22. Nb2 Rfb8 23. Nc4 Nb6 24. Nd2 Qd3 25. Qc1 Nb5 26. Nxb5 Qxb5 27. Qc3 h6 28. h4 Qa6 29. Rfc1 a4 30. b4 cxb4 31. axb4 Qb5 32. Qc6 Nc8 33. Rc4 Bd8 34. Ra1 Bc7 35. Rxa4 Qxc6 36. dxc6 Rb5 37. Nb1 Nb6 38. Bxb6 R5xb6 39. Nc3 Rc8 40. Nd5 1-0

[Event "BCF-chTa 1112 (4NCL)"]
[Site "England"]
[Date "2012.01.15"]
[Round "4.47"]
[White "Coleman, David"]
[Black "Curtis, John E"]
[Result "1/2-1/2"]
[WhiteElo "2238"]
[BlackElo "2116"]
[PlyCount "53"]
[EventDate "2011.11.12"]
[EventType "team-tourn"]
[EventRounds "7"]
[EventCountry "ENG"]
[SourceTitle "EXT 2013"]
[Source "ChessBase"]
[SourceDate "2012.11.22"]
[SourceVersion "1"]
[SourceVersionDate "2012.11.22"]
[SourceQuality "1"]
[WhiteTeam "Barbican II"]
[BlackTeam "Bristol"]
[WhiteTeamCountry "ENG"]
[BlackTeamCountry "ENG"]

1. e4 d6 2. d4 Nf6 3. Nc3 e5 4. Nf3 Nbd7 5. Bc4 Be7 6. 0-0 0-0 7. Qe2 exd4 8. Nxd4 Ne5 9. Bb3 c5 10. Nf5 Bxf5 11. exf5 Qd7 12. f4 Nc6 13. g4 d5 14. g5 c4 15. gxf6 Bxf6 16. Ba4 Qxf5 17. Bxc6 bxc6 18. Nd1 Rfe8 19. Qg2 Re4 20. Bd2 Rae8 21. Nc3 R4e6 22. Rae1 Bxc3 23. Bxc3 f6 24. Qf2 Qg4+ 25. Qg3 Qf5 26. Qf2 Qg4+ 27. Qg3 1/2-1/2

[Event "BCF-chTa 1112 (4NCL)"]
[Site "England"]
[Date "2011.11.13"]
[Round "2.6"]
[White "Curtis, John E"]
[Black "Swindells, Jonathan"]
[Result "1/2-1/2"]
[WhiteElo "2116"]
[BlackElo "2178"]
[PlyCount "37"]
[EventDate "2011.11.12"]
[EventType "team-tourn"]
[EventRounds "7"]
[EventCountry "ENG"]
[SourceTitle "EXT 2013"]
[Source "ChessBase"]
[SourceDate "2012.11.22"]
[SourceVersion "1"]
[SourceVersionDate "2012.11.22"]
[SourceQuality "1"]
[WhiteTeam "Bristol"]
[BlackTeam "The ADS"]
[WhiteTeamCountry "ENG"]
[BlackTeamCountry "ENG"]

1. d4 Nf6 2. Nf3 g6 3. Bg5 Bg7 4. Nbd2 d6 5. e4 c6 6. c3 h6 7. Bh4 0-0 8. Be2 a5 9. a4 Na6 10. 0-0 Nh5 11. Re1 Qc7 12. Qc2 e5 13. dxe5 dxe5 14. Rad1 Be6 15. Bc4 Rfe8 16. Bxe6 Rxe6 17. Nc4 Nc5 18. Rd2 Bf6 19. Bxf6 1/2-1/2

[Event "BCF-chT2 1011 (4NCL)"]
[Site "England"]
[Date "2011.03.27"]
[Round "8.46"]
[White "Curtis, John E"]
[Black "Davies, Matthew"]
[Result "1/2-1/2"]
[WhiteElo "2123"]
[BlackElo "1986"]
[PlyCount "64"]
[EventDate "2010.11.06"]
[EventType "team-swiss"]
[EventRounds "11"]
[EventCountry "ENG"]
[SourceTitle "EXT 2012"]
[Source "ChessBase"]
[SourceDate "2011.11.24"]
[SourceVersion "1"]
[SourceVersionDate "2011.11.24"]
[SourceQuality "1"]
[WhiteTeam "Bristol"]
[BlackTeam "Rhyfelwyr Essyllwg"]
[WhiteTeamCountry "ENG"]
[BlackTeamCountry "ENG"]

1. d4 d5 2. Nf3 Nf6 3. e3 Bf5 4. c4 c6 5. Bd3 Bxd3 6. Qxd3 e6 7. Nc3 Nbd7 8. 0-0 Bd6 9. e4 dxe4 10. Nxe4 Nxe4 11. Qxe4 Nf6 12. Qe2 0-0 13. Rd1 Re8 14. Ne5 Qc7 15. b3 Rad8 16. Bb2 Nd7 17. Rd3 Nxe5 18. dxe5 Bf8 19. Rad1 Rxd3 20. Rxd3 Rd8 21. Bc3 Be7 22. Kf1 Rxd3 23. Qxd3 h6 24. Ke2 b5 25. Qe4 Qb6 26. cxb5 Qxb5+ 27. Qd3 Qd5 28. f3 Bc5 29. Qc4 Bb6 30. Qb4 Bc7 31. Qd4 Bb6 32. Qb4 Bc7 1/2-1/2

[Event "BCF-chT2 1011 (4NCL)"]
[Site "England"]
[Date "2011.03.26"]
[Round "7.75"]
[White "Mossong, Hubert"]
[Black "Curtis, John E"]
[Result "1/2-1/2"]
[WhiteElo "2147"]
[BlackElo "2123"]
[PlyCount "76"]
[EventDate "2010.11.06"]
[EventType "team-swiss"]
[EventRounds "11"]
[EventCountry "ENG"]
[SourceTitle "EXT 2012"]
[Source "ChessBase"]
[SourceDate "2011.11.24"]
[SourceVersion "1"]
[SourceVersionDate "2011.11.24"]
[SourceQuality "1"]
[WhiteTeam "AMCA Dragons"]
[BlackTeam "Bristol"]
[WhiteTeamCountry "ENG"]
[BlackTeamCountry "ENG"]

1. e4 d6 2. d4 Nf6 3. Bd3 e5 4. Ne2 exd4 5. Nxd4 g6 6. Nc3 Bg7 7. Bg5 h6 8. Bh4 0-0 9. f3 c6 10. Qd2 Nxe4 11. Bxd8 Nxd2 12. Bc7 Bxd4 13. Kxd2 d5 14. Rae1 Na6 15. Bxa6 bxa6 16. Na4 Bf6 17. Bd6 Rd8 18. Be7 Bxe7 19. Rxe7 Be6 20. Nc5 Re8 21. Rxe8+ Rxe8 22. Nxa6 Kf8 23. Re1 Ke7 24. b4 Kd6 25. Kc3 g5 26. Kd4 Rg8 27. Nc5 Rb8 28. c3 Bf5 29. a3 Rg8 30. Nb7+ Kd7 31. a4 g4 32. f4 g3 33. h3 Rg6 34. Nc5+ Kd6 35. Rf1 Rg8 36. Re1 Rg6 37. Nb7+ Kd7 38. Nc5+ Kd6 1/2-1/2

[Event "BCF-chT2 1011 (4NCL)"]
[Site "England"]
[Date "2011.02.19"]
[Round "5.56"]
[White "Stimpson, Philip M"]
[Black "Curtis, John E"]
[Result "1/2-1/2"]
[WhiteElo "2095"]
[BlackElo "2123"]
[PlyCount "47"]
[EventDate "2010.11.06"]
[EventType "team-swiss"]
[EventRounds "11"]
[EventCountry "ENG"]
[SourceTitle "EXT 2012"]
[Source "ChessBase"]
[SourceDate "2011.11.24"]
[SourceVersion "1"]
[SourceVersionDate "2011.11.24"]
[SourceQuality "1"]
[WhiteTeam "Guildford A&DC II"]
[BlackTeam "Bristol"]
[WhiteTeamCountry "ENG"]
[BlackTeamCountry "ENG"]

1. e4 d6 2. d4 Nf6 3. Nc3 e5 4. dxe5 dxe5 5. Qxd8+ Kxd8 6. Bg5 Be6 7. 0-0-0+ Nbd7 8. g3 Bc5 9. f4 exf4 10. gxf4 Bg4 11. Be2 Kc8 12. e5 Bxe2 13. Ngxe2 Ng4 14. Ne4 Nf2 15. Nxf2 Bxf2 16. Rhf1 Bb6 17. Nd4 g6 18. Rfe1 Nc5 19. e6 Nxe6 20. Nxe6 fxe6 21. Rxe6 Bc5 22. Bf6 Rf8 23. Be5 b6 24. c3 1/2-1/2

[Event "BCF-chT2 1011 (4NCL)"]
[Site "England"]
[Date "2011.01.16"]
[Round "4.85"]
[White "Walton, Alan J"]
[Black "Curtis, John E"]
[Result "1/2-1/2"]
[WhiteElo "2175"]
[BlackElo "2123"]
[PlyCount "60"]
[EventDate "2010.11.06"]
[EventType "team-swiss"]
[EventRounds "11"]
[EventCountry "ENG"]
[SourceTitle "EXT 2012"]
[Source "ChessBase"]
[SourceDate "2011.11.24"]
[SourceVersion "1"]
[SourceVersionDate "2011.11.24"]
[SourceQuality "1"]
[WhiteTeam "3CS Oldham"]
[BlackTeam "Bristol"]
[WhiteTeamCountry "ENG"]
[BlackTeamCountry "ENG"]

1. d4 d6 2. e4 Nf6 3. Nc3 e5 4. Nf3 Nbd7 5. h3 c6 6. Be3 b5 7. a3 a6 8. Qd2 Be7 9. g4 Qc7 10. Be2 h6 11. Nh2 Bb7 12. f3 Nb6 13. Nf1 exd4 14. Bxd4 c5 15. Bf2 d5 16. Bg3 Bd6 17. Bxd6 Qxd6 18. exd5 Nbxd5 19. 0-0-0 Qf4 20. Nxd5 Nxd5 21. Kb1 Qxd2 22. Rxd2 0-0-0 23. Bd1 Rhe8 24. Kc1 Re1 25. Ng3 Rxh1 26. Nxh1 Re8 27. Ng3 Re1 28. Nf5 Ne3 29. Nxe3 Rxe3 30. Re2 Rxe2 1/2-1/2

[Event "BCF-chT2 1011 (4NCL)"]
[Site "England"]
[Date "2010.11.06"]
[Round "1.65"]
[White "MacKenzie, Colin"]
[Black "Curtis, John E"]
[Result "0-1"]
[WhiteElo "2118"]
[BlackElo "2123"]
[PlyCount "69"]
[EventDate "2010.11.06"]
[EventType "team-swiss"]
[EventRounds "11"]
[EventCountry "ENG"]
[SourceTitle "EXT 2012"]
[Source "ChessBase"]
[SourceDate "2011.11.24"]
[SourceVersion "1"]
[SourceVersionDate "2011.11.24"]
[SourceQuality "1"]
[WhiteTeam "Kings Head"]
[BlackTeam "Bristol"]
[WhiteTeamCountry "ENG"]
[BlackTeamCountry "ENG"]

1. c4 e5 2. g3 Nc6 3. Bg2 g6 4. Nc3 Bg7 5. e4 d6 6. d3 Nge7 7. Nge2 0-0 8. 0-0 Be6 9. Nd5 Qd7 10. Bg5 f6 11. Be3 f5 12. Qd2 Nd4 13. Nxe7+ Qxe7 14. Bxd4 exd4 15. exf5 Bxf5 16. Bxb7 Rab8 17. Bg2 Qf6 18. h3 h5 19. Rad1 g5 20. b3 Rbe8 21. Nxd4 Qxd4 22. Qxg5 Re5 23. Qxh5 Be6 24. Qg6 Bf7 25. Qg4 Qxg4 26. hxg4 Re2 27. d4 Rxa2 28. f4 c5 29. dxc5 dxc5 30. Bd5 Bd4+ 31. Kh1 Kg7 32. Rxd4 cxd4 33. Rd1 Re8 34. f5 d3 35. g5 0-1

[Event "BCF-chT1d 0809 (4NCL) Demotion pool"]
[Site "England"]
[Date "2009.05.04"]
[Round "11.5"]
[White "Muter, Donny"]
[Black "Curtis, John E"]
[Result "1/2-1/2"]
[WhiteElo "2225"]
[BlackElo "2112"]
[PlyCount "55"]
[EventDate "2008.10.04"]
[EventType "team-tourn"]
[EventRounds "4"]
[EventCountry "ENG"]
[SourceTitle "EXT 2010"]
[Source "ChessBase"]
[SourceDate "2010.11.25"]
[SourceVersion "1"]
[SourceVersionDate "2010.11.25"]
[SourceQuality "1"]
[WhiteTeam "Richmond"]
[BlackTeam "Bristol"]
[WhiteTeamCountry "ENG"]
[BlackTeamCountry "ENG"]

1. Nf3 d6 2. d4 Nf6 3. c4 Nbd7 4. g3 e5 5. Nc3 Be7 6. Bg2 0-0 7. 0-0 c6 8. e4 a6 9. a4 a5 10. b3 Re8 11. h3 Bf8 12. Qc2 Qc7 13. Be3 g6 14. Rfd1 exd4 15. Bxd4 Bg7 16. Rd2 Nc5 17. e5 Bf5 18. Qb2 Nd3 19. Rxd3 dxe5 20. Bxe5 Rxe5 21. Nxe5 Qxe5 22. Re3 Qc5 23. Rd1 h5 24. Qe2 Qb4 25. Na2 Qa3 26. Nc3 Qb4 27. Na2 Qa3 28. Nc3 1/2-1/2

[Event "BCF-chT1d 0809 (4NCL) Demotion pool"]
[Site "England"]
[Date "2009.05.02"]
[Round "9.6"]
[White "Curtis, John E"]
[Black "James, David J"]
[Result "0-1"]
[WhiteElo "2112"]
[BlackElo "2130"]
[PlyCount "56"]
[EventDate "2008.10.04"]
[EventType "team-tourn"]
[EventRounds "4"]
[EventCountry "ENG"]
[SourceTitle "EXT 2010"]
[Source "ChessBase"]
[SourceDate "2010.11.25"]
[SourceVersion "1"]
[SourceVersionDate "2010.11.25"]
[SourceQuality "1"]
[WhiteTeam "Bristol"]
[BlackTeam "SW Dragons"]
[WhiteTeamCountry "ENG"]
[BlackTeamCountry "ENG"]

1. d4 Nf6 2. Nf3 e6 3. e3 b6 4. Bd3 Bb7 5. 0-0 c5 6. Nbd2 Nc6 7. c3 Be7 8. e4 cxd4 9. cxd4 Nb4 10. Bb1 Ba6 11. Re1 Nd3 12. Bxd3 Bxd3 13. d5 Qc8 14. Ne5 Bc2 15. Qf3 0-0 16. Nb3 Bd6 17. Ng4 Nxg4 18. Qxg4 f5 19. exf5 exf5 20. Qd4 Qc7 21. Bd2 Bxh2+ 22. Kh1 Qd6 23. g3 Bxg3 24. fxg3 Qxg3 25. Re3 Qg6 26. Qf4 Be4+ 27. Rxe4 fxe4 28. Qh4 Rf5 0-1

[Event "BCF-chT1b 0809 (4NCL)"]
[Site "England"]
[Date "2008.12.07"]
[Round "4.5"]
[White "Piper, Matthew"]
[Black "Curtis, John E"]
[Result "1/2-1/2"]
[WhiteElo "2290"]
[BlackElo "2122"]
[PlyCount "146"]
[EventDate "2008.10.04"]
[EventType "team-tourn"]
[EventRounds "7"]
[EventCountry "ENG"]
[SourceTitle "CBM 127 Extra"]
[Source "ChessBase"]
[SourceDate "2009.01.08"]
[SourceVersion "2"]
[SourceVersionDate "2009.01.28"]
[SourceQuality "1"]
[WhiteTeam "Barbican II"]
[BlackTeam "Bristol"]
[WhiteTeamCountry "ENG"]
[BlackTeamCountry "ENG"]

1. e4 d6 2. Nc3 c6 3. g3 e5 4. Bg2 Nf6 5. Nge2 b5 6. a3 Be7 7. 0-0 0-0 8. d4 a6 9. h3 Nbd7 10. g4 Ne8 11. Be3 Bg5 12. Qd2 Bxe3 13. Qxe3 Rb8 14. Ng3 Nb6 15. b3 g6 16. f4 exf4 17. Qxf4 Ng7 18. Qh6 Ne6 19. d5 cxd5 20. exd5 Nc5 21. b4 Ncd7 22. Nge4 f5 23. gxf5 gxf5 24. Qe6+ Kh8 25. Nxd6 Qf6 26. Qxf6+ Nxf6 27. Nxf5 Bb7 28. Ne7 Nc4 29. Nc6 Bxc6 30. dxc6 Ne3 31. Rf3 Nxg2 32. Kxg2 Rbc8 33. Kh1 Rxc6 34. Raf1 Rfc8 35. Nxb5 axb5 36. Rxf6 Rxc2 37. Rf8+ Rxf8 38. Rxf8+ Kg7 39. Rf5 Rc3 40. Kh2 Rxa3 41. Rxb5 Rb3 42. Rb6 h5 43. b5 Kh7 44. Rb8 Kg6 45. h4 Kf6 46. b6 Ke7 47. b7 Kd7 48. Kg2 Kc7 49. Rh8 Kxb7 50. Rxh5 Rb2+ 51. Kf3 Rb3+ 52. Kf4 Rb4+ 53. Kf5 Rb5+ 54. Kg6 Rb6+ 55. Kf7 Rb4 56. Rh7 Ka6 57. Rh8 Ka7 58. h5 Rb7+ 59. Ke6 Rb5 60. Kd6 Rg5 61. Kc6 Rf5 62. Rh7+ Ka8 63. h6 Rf6+ 64. Kc7 Rg6 65. Rh8+ Ka7 66. Kd7 Rb6 67. Ke7 Rb7+ 68. Kd6 Rb6+ 69. Kc5 Rg6 70. Kd4 Rb6 71. Rh7+ Ka8 72. Rh8+ Ka7 73. h7 Rh6 1/2-1/2